Financial Management (Record no. 2646)

MARC details
000 -LEADER
fixed length control field 00440nam a22001697a 4500
005 - DATE AND TIME OF LATEST TRANSACTION
control field 20180710115703.0
008 - FIXED-LENGTH DATA ELEMENTS--GENERAL INFORMATION
fixed length control field 160614b xxu||||| |||| 00| 0 eng d
020 ## - INTERNATIONAL STANDARD BOOK NUMBER
ISBN 978-81-315-0491-8
041 ## - LANGUAGE CODE
Language code of text/sound track or separate title eng
082 ## - DEWEY DECIMAL CLASSIFICATION NUMBER
Item number 7426
Classification number 658.15
100 ## - MAIN ENTRY--AUTHOR NAME
Personal name Brigham, Eugene F, & Ehrhardt, Michael C
245 ## - TITLE STATEMENT
Title Financial Management
260 ## - PUBLICATION, DISTRIBUTION, ETC. (IMPRINT)
Name of publisher Cengage leaning
Year of publication 2008
Place of publication new delhi
300 ## - PHYSICAL DESCRIPTION
Number of Pages 792p,
650 ## - SUBJECT ADDED ENTRY--TOPICAL TERM
Topical Term Management
942 ## - ADDED ENTRY ELEMENTS (KOHA)
Koha item type Books
Holdings
Lost status Damaged status Home library Shelving location Date acquired Cost, normal purchase price Full call number Accession Number Koha item type Collection code
    JRU Library SHELF-19-C 14/06/2016 516.00 658.15 7426 Books  
    JRU Library SHELF-19-C 14/06/2016 516.00 658.15 7427 Books  
    JRU Library SHELF-60-H 14/06/2016 516.00 658.15 7428 Books MANAGEMENT
    JRU Library SHELF-60-H 14/06/2016 516.00 658.15 7429 Books MANAGEMENT
    JRU Library SHELF-60-H 14/06/2016 516.00 658.15 7430 Books MANAGEMENT
    JRU Library SHELF-19-C 14/06/2016 516.00 658.15 7431 Books  
    JRU Library SHELF-60-H 14/06/2016 516.00 658.15 7432 Books MANAGEMENT